Words and waves: an introduction to electrical communications
Gorde:
| Egile nagusia: | |
|---|---|
| Formatua: | Liburua |
| Hizkuntza: | English |
| Argitaratua: |
London, Weidenfeld & Nicolson
1967
|
| Saila: | World university library
|
| Gaiak: | |
| Etiketak: |
Etiketa erantsi
Etiketarik gabe, Izan zaitez lehena erregistro honi etiketa jartzen!
|
MARC
| LEADER | 00000nam a2200000Ia 4500 | ||
|---|---|---|---|
| 003 | 003346 | ||
| 005 | 20221231144003.0 | ||
| 008 | 140114s1967 fr a 000 ||eng d | ||
| 040 | |c cru CEDI | ||
| 082 | |a 621.38 B391w | ||
| 100 | |a Beck, Arnold Hugh William 1916- |9 21742 | ||
| 245 | |a Words and waves: an introduction to electrical communications | ||
| 260 | |a London, Weidenfeld & Nicolson |c 1967 | ||
| 300 | |a 255 páginas : ilustraciones, tablas, diagramas. (algunas a color) 19 cm. | ||
| 440 | |a World university library |9 21743 | ||
| 648 | |x TELECOMUNICACIONES |9 21744 | ||
| 942 | |2 ddc |c BK | ||
| 999 | |c 15211 |d 15211 | ||
